000 00752nac a22001811u 4500
010 _a013299744
020 _a0619206727
082 _a005.7565
_bA219
090 _c4779
_d4779
100 _aAdamski, Joseph J.,
245 _aNew perspectives on Microsoft Office access 2003 :
_bintroductory /
_cJoseph J. Adamski, Kathleen T. Finnegan.
260 _aAustralia ; United Kingdom :
_bThomson/Course Technology, c2006.
_cc2006.
300 _a32,440,31,24 p. :
_bcol. ill., ;
_c28 cm.
650 _aMicrosoft Access
700 _aFinnegan, Kathleen T.
942 _cBB
_k005.7565 A219
999 _c4779
_d4779